| 000 | 00567nam a2200229Ia 4500 | ||
|---|---|---|---|
| 008 | 180523s9999 xx 000 0 und d | ||
| 020 | _a978-0-07-108924-1 | ||
| 050 | _aMAIN HB 171.5 | ||
| 050 | _b.S26 2010 | ||
| 100 | _aSamuelson, Paul A. | ||
| 245 | 0 | _aEconomics / | |
| 245 | 0 | _cPaul A. Samuelson, William D. Nordhaus. | |
| 250 | _a19th Edition | ||
| 260 | _aNew York : | ||
| 260 | _bMcGraw-Hill, | ||
| 260 | _c2010 | ||
| 300 | _a715 psges : | ||
| 300 | _billustrations ; | ||
| 300 | _c26 cm. | ||
| 500 | _aIncludes index. | ||
| 650 | _aEconomics. | ||
| 999 |
_c356773 _d356773 |
||